000 00864nam a2200241 a 4500
001 000021854
005 20200930011457.0
008 100913s1953 mx a r 000 | spa d
020 _a968299523x
040 _aDO-SdBNP
_bspa
_cBNPHU
082 _axxx
_bW746c
100 1 _aWilson, John A.
_945374
240 0 _aThe burden of of. Egypt. An interpretation of ancient culture
_lespañol
245 1 0 _aLa cultura Egipcia /
_cJohn A. Wilson; traducción, Florentino M. Torner.
260 _aMéxico D. F. :
_bFondo de Cultura Económica,
_c1953.
300 _a483 p. :
_bil. ;
_c17.
490 _aBrevarios
500 _aEsta es la 9a reimpresión de la 1a ed.
500 _aIncluye índice de mapas
534 _aTítulo original :
_tThe burden of of. Egypt. An interpretation of ancient culture
700 1 _aTorner, Florentino M.
_etr.
_945375
049 _aBNGR
999 _c21352
_d21352